Los golpes de estado en Colombia / (Registro nro. 5739)
[ vista simple ]
| 000 -LEADER | |
|---|---|
| fixed length control field | 00927nam a2200229Ia 4500 |
| 003 - CONTROL NUMBER IDENTIFIER | |
| control field | OSt |
| 005 - DATE AND TIME OF LATEST TRANSACTION | |
| control field | 20200406183352.0 |
| 008 - FIXED-LENGTH DATA ELEMENTS--GENERAL INFORMATION | |
| fixed length control field | 191128s1982 ck gr 000 0 ck d |
| 040 ## - CATALOGING SOURCE | |
| Original cataloging agency | CO-JMCR |
| Transcribing agency | CO-JMCR |
| 041 0# - LANGUAGE CODE | |
| Language code of text/sound track or separate title | spa |
| 082 04 - DEWEY DECIMAL CLASSIFICATION NUMBER | |
| Classification number | 321.09 / |
| Item number | A481g |
| Edition number | 21 |
| 100 1# - MAIN ENTRY--PERSONAL NAME | |
| Personal name | Álvarez Restrepo, Antonio, |
| Relator term | autor |
| 9 (RLIN) | 2556 |
| 245 10 - TITLE STATEMENT | |
| Title | Los golpes de estado en Colombia / |
| Statement of responsibility, etc. | Antonio Alvarez Restrepo |
| 260 ## - PUBLICATION, DISTRIBUTION, ETC. | |
| Place of publication, distribution, etc. | Bogotá : |
| Name of publisher, distributor, etc. | Banco de la República, |
| Date of publication, distribution, etc. | 1982 |
| 300 ## - PHYSICAL DESCRIPTION | |
| Extent | 236 páginas ; |
| Dimensions | 20 cm. |
| 504 ## - BIBLIOGRAPHY, ETC. NOTE | |
| Bibliography, etc. note | Bibliografía: páginas 231-236 |
| 505 0# - FORMATTED CONTENTS NOTE | |
| Formatted contents note | Consideraciones sobre la forma como se ha escrito la historia en Colombia" -- Los golpes de Estado -- La dictadura del libertador -- El singular caso de Urdaneta -- Una vida infortunada : Obando |
| 650 14 - SUBJECT ADDED ENTRY--TOPICAL TERM | |
| Topical term or geographic name entry element | Golpes de Estado |
| General subdivision | historia |
| Geographic subdivision | Colombia |
| 9 (RLIN) | 2557 |
| 650 14 - SUBJECT ADDED ENTRY--TOPICAL TERM | |
| Topical term or geographic name entry element | Política y gobierno |
| Geographic subdivision | Colombia |
| 9 (RLIN) | 2558 |
| 650 14 - SUBJECT ADDED ENTRY--TOPICAL TERM | |
| Topical term or geographic name entry element | Historia |
| Chronological subdivision | Siglos XIX-XX |
| Geographic subdivision | Colombia |
| 9 (RLIN) | 2559 |
| 942 ## - ADDED ENTRY ELEMENTS (KOHA) | |
| Source of classification or shelving scheme | Dewey Decimal Classification |
| Koha item type | Books |
| Withdrawn status | Lost status | Source of classification or shelving scheme | Damaged status | Not for loan | Collection code | Home library | Current library | Date acquired | Source of acquisition | Cost, normal purchase price | Total Checkouts | Full call number | Barcode | Date last seen | Copy number | Koha item type |
|---|---|---|---|---|---|---|---|---|---|---|---|---|---|---|---|---|
| Dewey Decimal Classification | Non-fiction | Biblioteca Pública José María del Castillo y Rada | Biblioteca Pública José María del Castillo y Rada | 04/15/2018 | Donación | 0.00 | 321.09 / A481g | 430004091 | 05/16/2024 | Ej.1 | Books |